000 01070nam a2200229Ia 4500
001 1524
005 20260408145308.0
008 260306t2015||||xx |||||||||||||| ||spa||
041 _aESP
082 _a150.724
_bL45
100 _aLeón, Orfelio G.
_eAUT
245 0 _aMétodos de investigación en psicología y educación:
_blas tradiciones cuantitativa y cualitativa
260 _c2015
300 _axii, 643 páginas :
_c24 cm.
650 _aGEN
654 _aCPS
856 _uhttps://itmsp.museknowledge.com/UCSP?url=https://www.ebooks7-24.com:443/?il=7689&pg=1
_zVersión digital
856 _uhttps://0u213vn5m-y-https-ebooks7--24-com.itmsp.museknowledge.com/biblioteca.aspx
_zVéase además: Base de datos Ebook7-24
856 _uhttps://0u20vvn1b-y-https-ebookcentral-proquest-com.itmsp.museknowledge.com/lib/catolicasp/home.action
_zVéase además: Base de datos ProQuest Ebook Central
856 _uhttps://0u20fvn5x-y-https-research-ebsco-com.itmsp.museknowledge.com/c/qxo6us/search
_zVéase además: Base de datos EBSCOhost
942 _cLIB
_dJUS
_fJUS
_2ddc
999 _c1524
_d1524